000 00558nam a22001817a 4500
005 20251108164314.0
008 250721s1988 xx 000 0 ara d
082 1 4 _a355.3432/غرا
100 1 _aغرانوت، عودد
245 1 0 _aسلاح الإستخبارات الإسرائيلي /
264 1 _aعمان :
_bدار الجليل للنشر،
_c1988.
300 _a227ص.
490 0 _aالموسوعة العسكرية الإسرائيلية ؛ 2
650 1 7 _aالموساد
650 1 7 _aالجواسيس
942 _2ddc
_cBK
999 _c8859
_d8859